000 005770000a22001810004500
003 MACL
005 20160324155934.0
008 160324b xxu||||| |||| 00| 0 eng d
040 _aMACL
_cMACL
041 _aHindi
082 _a181.456
100 _aविवेकानन्‍द स्‍वामी
_936998
245 _aविवेकानन्‍द संचयन
260 _bभारतीय भाषा प्रकाशन
_c2001
_aनई दिल्‍ली
350 _a300
650 _aOriential Philisophy
_948397
942 _cHIN
_k181,456
_2ddc
999 _c9443
_d9443